|
|
|
|
| LEADER |
00000cam a2200000 7i4500 |
| 001 |
0000002998 |
| 005 |
20040331.0 |
| 090 |
0 |
0 |
|a RP 634.973
|b SAS 1983
|
| 100 |
1 |
0 |
|a SASAKI
|h Satohiko
|
| 245 |
1 |
0 |
|a Physiological studies on seedlings of dipterocarps with particular reference to shorea ovalis (red meranti) and shorea talura (white meranti)
|c by Satshiki Sasaki
|
| 260 |
0 |
0 |
|a Kuala Lumpur :
|b Jabatan Perhutanan Semenanjung Malaysia ,
|c 1983
|
| 300 |
|
|
|a 66 p. :
|b ill. ;
|c 30 cm.
|
| 440 |
0 |
0 |
|a Research pamphlet ; no. 92
|
| 650 |
0 |
0 |
|a Red Meranti seeds
|
| 650 |
0 |
0 |
|a Shorea
|
| 650 |
0 |
0 |
|a White Meranti seeds
|
| 710 |
1 |
1 |
|a Institut Penyelidikan Perhutanan Malaysia (FRIM)
|
| 998 |
|
|
|a JPSM
|
| 999 |
|
|
|a 0000005329
|b Monograph
|c Open Shelf
|e Default branch
|
| 999 |
|
|
|a 0000005330
|b Monograph
|c Open Shelf
|e Default branch
|
| 999 |
|
|
|a 0000005331
|b Monograph
|c Open Shelf
|e Default branch
|